Statistics for Ariana Grande Songs

Click here to take the quiz!

General Stats

  • This quiz has been taken 587 times
  • The average score is 3 of 10

Answer Stats

Hint Answer % Correct
iggy azaleaProblem
96%
mac millerThe Way
82%
champagnePink Champagne
47%
ft the wantedAlmost is never enough
28%
ft liz gillesSanta baby
27%
christmas albumLast Christmas
19%
christmas albumSnow in california
16%
christmas albumLove Is everything
11%
tattoo and a heartTattood Heart
8%
avenueHooneymoon Avenue
2%

Score Distribution

Percentile by Number Answered

Percent of People with Each Score

Your Score History

You have not taken this quiz